Resolucion técnica Nº 6 (Registro nro. 3119)

Detalles MARC
000 -LEADER
fixed length control field 01334 a2200229 4500
001 - CONTROL NUMBER
control field 39885
005 - DATE AND TIME OF LATEST TRANSACTION
control field 20260407155655.0
008 - FIXED-LENGTH DATA ELEMENTS--GENERAL INFORMATION
fixed length control field 260407a1987 arg spa d
003 - CONTROL NUMBER IDENTIFIER
control field AR-UNSa-BCEJYS
040 ## - CATALOGING SOURCE
Original cataloging agency AR-UNSa-BCEJYS
Language of cataloging spa
Transcribing agency AR-UNSa-BCEJYS
080 ## - UNIVERSAL DECIMAL CLASSIFICATION NUMBER
Universal Decimal Classification number 657(083)
Common auxiliary subdivision Resoluciones Técnicas Contables. Informes
020 ## - INTERNATIONAL STANDARD BOOK NUMBER
International Standard Book Number 950-537-086-5
041 ## - LANGUAGE CODE
Language code of text/sound track or separate title spa
100 1# - MAIN ENTRY--PERSONAL NAME
Personal name Senderovich, Pablo David
245 10 - TITLE STATEMENT
Title Resolucion técnica Nº 6
Name of part/section of a work Estados contables en moneda constante
250 ## - EDITION STATEMENT
Edition statement 3a. ed.
264 #1 - PRODUCTION, PUBLICATION, DISTRIBUTION, MANUFACTURE, AND COPYRIGHT NOTICE
Place of production, publication, distribution, manufacture Buenos Aires :
Name of producer, publisher, distributor, manufacturer Ediciones Macchi
Date of production, publication, distribution, manufacture, or copyright notice 1987
300 ## - PHYSICAL DESCRIPTION
Extent 379 p.
Dimensions 22 cm.
505 ## - FORMATTED CONTENTS NOTE
Formatted contents note 1. Esquema secuencial de reexpresión - 2. Reexpresión de activos y pasivos - 3. Metodología general - 4. Tratamiento para empresas que aplicaron el ajuste por inflación - 5. Tratamiento para empresas que no aplicaron el ajuste por inflación - 6. Comparación de alternativas de reexpresión al inicio - 7. Metodología general - 8. Balance general y estado de resultados, con tratamiento "global" de resultados financieros y por tenencia - 9. Balance general y estado de resultados con tratamiento "depurado" de resultados financieros y por tenencia - 10. Otros aspectos - 11. Solución simplificada. Ajuste global del estado de resultadost - 12. Caso general -
590 ## - LOCAL NOTE (RLIN)
Local note niveau_biblio:m niveau_hierar:0
942 ## - ADDED ENTRY ELEMENTS (KOHA)
Koha item type
Existencias
Withdrawn status Lost status Damaged status Not for loan Home library Current library Shelving location Date acquired Total checkouts Full call number Barcode Date last seen Price effective from Koha item type
        Biblioteca Prof. Eusebio Cleto del Rey Biblioteca Prof. Eusebio Cleto del Rey   07/04/2026   657(083) S474 Res6 3ed. L53662 07/04/2026 07/04/2026 Libro
        Biblioteca Prof. Eusebio Cleto del Rey Biblioteca Prof. Eusebio Cleto del Rey   07/04/2026   657(083) S474 Res6 3ed. L45882 07/04/2026 07/04/2026 Libro
        Biblioteca Prof. Eusebio Cleto del Rey Biblioteca Prof. Eusebio Cleto del Rey   07/04/2026   657(083) S474 Res6 3ed. L45881 07/04/2026 07/04/2026 Libro
        Biblioteca Prof. Eusebio Cleto del Rey Biblioteca Prof. Eusebio Cleto del Rey   07/04/2026   657(083) S474 Res6 3ed. L45462 07/04/2026 07/04/2026 Libro